Statystyki dla Miasta w Polsce powyżej 150,000 mieszkańców

Kliknij tutaj aby rozwiązać quiz!

Ogólne statystyki

  • Ten quiz został rozwiązany 236 razy
    (224 od ostatniego zresetowania)
  • Średni wynik to 18 z 22

Statystyki odpowiedzi

PopulacjaMiasto% Poprawnych
1790658Warszawa
99%
779115Kraków
98%
470907Gdańsk
96%
642869Wrocław
95%
401907Szczecin
94%
679941Łódź
93%
246348Gdynia
92%
534813Poznań
92%
297554Białystok
90%
348190Bydgoszcz
89%
292774Katowice
89%
339784Lublin
84%
201447Toruń
82%
196208Rzeszów
79%
194852Kielce
78%
211371Radom
75%
220433Częstochowa
72%
178603Gliwice
70%
178603Zabrze
70%
199974Sosnowiec
68%
170663Bielsko-Biała
47%
165263Bytom
46%

Rozkład punktacji

Percentyl według liczby udzielonych odpowiedzi

Procent ludzi z każdym wynikiem

Twoja historia wyników

Nie rozwiązałeś tego quizu od ostatniego zresetowania